| 000 | 00869nam a2200241Ia 4500 | ||
|---|---|---|---|
| 001 | 4661 | ||
| 003 | GE_BSU | ||
| 008 | 181216s||||||||xx |||||||||||||| ||und|| | ||
| 020 | _a5900428052 | ||
| 040 | _cGE_BSU | ||
| 080 | _a33+336(083).81"374.822=111=161.1 | ||
| 245 | _aАнгло-Русский словарь по экономике и финансам=English-Russian Dictionary of Economics and Finance. | ||
| 245 | _cПод ред. А.В. Аникина. | ||
| 260 | _aСПб. | ||
| 260 | _bЭкономическая школа. | ||
| 260 | _c1993. | ||
| 300 | _a590стр.23см. | ||
| 541 | _h20 л. 80 т. | ||
| 653 | _aАнгло-Русский словарь по экономике и финансам. English-Russian Dictionary of Economics and Finance. | ||
| 653 | _aЭкономика | ||
| 653 | _aეკონომიკა | ||
| 942 | _cBK | ||
| 999 |
_c38560 _d38560 |
||